000 00431nam a22001697a 4500
005 20180813100612.0
008 160616b xxu||||| |||| 00| 0 eng d
020 _a0-07-059843-6
041 _aeng
082 _b7986
_a658.3124
100 _aWilson, Thomas B
_92074
245 _aInnovative Reward Systems for the changing work place
260 _bTMH
_adelhi
_c2004
300 _a359p,
650 _aManagement
_9241
942 _cBK
999 _c2955
_d2954